000 00442nam a2200169Ia 4500
003 GCL
008 140319s9999 xx 000 0 eng d
040 _aGCL /
_cGCL
082 0 4 _a624
_bC C
100 1 _aCHEN, W. F.
245 1 0 _aTHE CIVIL ENGINEERING: HANDBOOK /
_cCHEN, W. F.
260 _a[S.N] :
_bCRC PRESS ،
_c1995
300 _a2609 P
650 0 4 _aالتحليل الرياضى
650 0 4 _aCIVIL ENGINEERING
942 _2ddc
_cBK
999 _c23819
_d23819